Guess the Lyrics - 00's #3 - Statistics

General Stats
  • This quiz has been taken 54 times
  • The average score is 190 of 378
Answer Stats
Answer % Correct
I
94%
(I
94%
a
90%
you
88%
You
88%
The
84%
the
84%
to
80%
So
78%
So,
78%
so
78%
And
74%
and
74%
he
74%
don't
70%
me
70%
No,
70%
no
70%
go
66%
want
66%
my
64%
My
64%
So what
64%
what
64%
what?
64%
What
64%
where
64%
know
62%
I'm
60%
(I'm
60%
it
60%
in
56%
that
56%
just
52%
now
52%
Then
50%
wear
50%
am
48%
on
48%
there
48%
you're
48%
got
46%
P!nk
46%
we're
46%
We're
46%
were
46%
how
44%
need
42%
not
42%
rock
42%
star
42%
boy
40%
get
40%
his
40%
still
40%
went
40%
with
40%
all
38%
gonna
38%
tonight
38%
tonight)
38%
At
36%
da
36%
guess
36%
if
36%
moves
36%
never
36%
Ba
34%
done
34%
this
34%
but
32%
more
32%
alright
30%
alright)
30%
fine
30%
I'll
30%
Na
30%
na
30%
na,
30%
fight
28%
lost
28%
show
28%
wanna
28%
havin'
26%
fun
24%
He's
24%
husband
24%
money
24%
he'll
22%
start
22%
let
20%
pay
20%
rent
20%
that's
20%
die
18%
gave
18%
Jessica
18%
life
18%
Simp-
18%
brand
16%
drink
16%
having
16%
hit
16%
new
16%
took
16%
trouble
16%
weren't
16%
attitude
14%
least
14%
sit
14%
tool
14%
tool,
14%
drum
12%
fall
12%
radio?
12%
(Shit!)
12%
table
12%
waiter
12%
song's
10%
fair
8%
flow,
8%
Na na na ...
8%
somebody's
8%
check
6%
ex'll
6%
Uh,
6%
uh
6%
Woo-hoo
6%
(Huh)
4%
(Nope)
4%
(Oops)
4%
No matching quizzes found
Score Distribution
Percent of People with Each Score
Percentile by Number Answered
Your Score History
You have not taken this quiz